000 00440cam a2200181ua 4500
003 OSt
008 241224b |||||||| |||| 00| 0 eng d
041 _aeng
082 _a621.317
_bKIR/SW
100 _aKireyev, M .
_96572
245 _aSwitchgear installation /
250 _a1 /
260 _aMoscow :
_bProgress Publishers.
300 _a397 ; .
700 1 _aKireyev, M .
_96572
700 1 _aKovarsky, A .
_91761
942 _cBK
999 _c10130
_d10130